Imiona angielskich piłkarzy z gry FIFA 20 - Statystyki

Ogólne statystyki
  • Ten quiz został rozwiązany 774 razy
  • Średni wynik to 19 z 24
Statystyki odpowiedzi
Nazwisko Imię % Poprawnych
Kane Harry
98%
Maguire Harry
98%
Alli Delle
95%
Shaw Luke
92%
Rashford Marcus
92%
Gerrard Steven
92%
Rooney Wayne
92%
Lampard Frank
91%
Alexander-Arnold Trent
91%
Hart Joe
89%
Walker Kyle
87%
Smalling Chris
86%
Young Ashley
85%
Milner James
85%
Shearer Alan
84%
Welbeck Danny
84%
Scholes Paul
84%
Vardy Jamie
83%
Ferdinand Rio
83%
Lineker Gary
80%
Pickford Jordan
80%
Henderson Jordan
79%
Gomez Joe
77%
Wright Ian
74%
Butland Jack
74%
Maddison James
74%
Rose Danny
73%
Wilshere Jack
73%
Owen Michael
73%
Sterling Raheem
72%
Sancho Jadon
71%
Lingard Jesse
71%
Pope Nick
71%
Abraham Tammy
70%
Walcott Theo
69%
Lallana Adam
67%
Dier Eric
66%
Moore Bobby
64%
Oxlade-Chamberlain Alex
62%
Trippier Kieran
62%
Barkley Ross
62%
Campbell Sol
61%
Kent Ryan
60%
Jones Phil
59%
Barnes John
45%
Heaton Tom
43%
Hudson-Odoi Callum
42%
Baines Leighton
35%
Delph Fabian
33%
Clyne Nathaniel
31%
Nie znaleziono quizów pasujących do podanych kryteriów
Rozkład punktacji
Procent ludzi z każdym wynikiem
Percentyl według liczby udzielonych odpowiedzi
Twoja historia wyników
Nie rozwiązałeś tego quizu